000 00310nam a22001457a 4500
003 OSt
008 231102b |||||||| |||| 00| 0 eng d
041 _aeng
082 _a894.8121
_bKUN /A
100 _aKunhiraman Nair, P
_95563
245 _aAnthithiri
250 _a2nd
300 _a58pages.
942 _cBK
999 _c17771
_d17771